| 000 | 01010cam a2200289 a 4500 | ||
|---|---|---|---|
| 001 | 2597627 | ||
| 003 | OSt | ||
| 005 | 20231021114220.0 | ||
| 008 | 970425s1997 enka b 001 0 eng | ||
| 010 | _a 97019001 | ||
| 020 | _a0750637528 (pbk.) | ||
| 040 |
_aDLC _cDLC _dDLC |
||
| 050 | 0 | 0 |
_aTA169 _b.S64 1997 |
| 082 | 0 | 0 |
_a620 DAV 1997 _221 |
| 100 | 1 |
_aSmith, David John, _94894 |
|
| 245 | 1 | 0 |
_aReliability, Maintainability and Risk: _bpractical methods for engineers |
| 250 | _a5th ed. | ||
| 260 |
_aOxford; _bButterworth Heinemann, _c1997. |
||
| 300 |
_axii, 319 p. : _bill. ; _c25 cm. |
||
| 504 | _aIncludes bibliographical references (p. [305]-307) and index. | ||
| 650 | 0 |
_aEngineering reliability _94895 |
|
| 650 | 0 |
_aMaintainance _94896 |
|
| 650 | 0 |
_aEngineering risks _94897 |
|
| 906 |
_a7 _bcbc _corignew _d1 _eocip _f19 _gy-gencatlg |
||
| 942 |
_2z _cSLOAN |
||
| 999 |
_c1863 _d1863 |
||